01179nab a22002417a 4500999001500000003000400015005001700019008004100036040000700077100002400084245009500108260007200203300001300275500003900288505015200327505013900479505008900618650002600707650002400733650002300757773014400780942001300924 c5900d5900OSt20260110003647.0190605e xxu||||| |||| 00| 0 spa d cPJ 95120aDuarte, David13aLa remuneración del empleado público desde una óptica "laboralista" /cDavid Duarte. aCiudad Autónoma de Buenos Aires :bThomson Reuters La Ley,c2023. ap. 43-46 aCita: TR LALEY AR/DOC/1982/2023.  aSumario: I. Introducción.— II. La decisión de la Corte.— III. El contenido jurídico propio del derecho del trabajo.— IV. Conclusión.  aFallo comentado: CS ~ 25/04/2023 ~ Cello, María Mónica c. EN — M° Seguridad — disp. 268/09 212/10 s/ proceso de conocimiento. t¿Te interesa el texto completo? Solicitalo al correo: koha@justierradelfuego.gov.ar 091316aDERECHO LABORAL 09938aEMPLEO PUBLICO 091318aREMUNERACION0 0271193168dCiudad Autónoma de Buenos Aires : Thomson Reuters La Ley, 1999-2002.tRevista de derecho del trabajo. Nº 5 - Septiembre 2023 2udccANA